000 01831nam a2200397 c 4500
003 BLK
005 20221010093243.0
008 180409b bul|||||r ||||||| ||bul||
010 _aKNG00114003000
020 _a954-509-276-9
_bиздат.: Воен. изд.
040 _aBLK
041 _aBUL
_cBUL
080 _aРасово разделение. Вж и 342.7
_b323.118
_x(091)
_z323.118(091)
080 _aНационалистическа и расова теория за населението
_b314.122.6
_x
_z314.122.6
080 _aКолонизация в цялост. Колониална политика
_b325.3
_x
_z325.3
100 1 _aФредриксън, Джордж М.
_eпърви автор
_9311351
700 1 _aМомчилова, Адриана Николова
_9370969
139 _aФредриксън, Джордж М.
_bФ 82
245 1 0 _aРасизъм
_bКратка история
_cДжордж М. Фредриксън; прев. от англ. Адриана Николова Момчилова.
257 _aUSA
260 София
_bВоен. изд.
_c2004
300 _a164 с.
_c24 см
380 _a3
500 _aОриг. загл. Racism : A Short History / George M. Fredrickson. - Офс. изд. - Библиогр. под линия ; Предм. показалец.
504 _aпод линия
650 4 _aРасова дискриминация
_9262269
650 4 _aРасизъм - история
_9311352
650 4 _aКолониализъм - политико-философски проблеми
_9259576
653 _aрасизъм
653 _aрасова дискриминация
852 _aЦб 220264
856 4 _qpdf
_u
856 4 _qpdf
_u
942 _cKNG
_n0
_01
944 _aCR
_c08.07.2004
_kЛюдмила_Стоянова
944 _aED
_c16.12.2005
_k
999 _c108694
_d108694